[Event "AUTO-ADV-4908"]
[Site "http://www.queenalice.com/game.php?id=1866901"]
[Date "2025.12.11"]
[Round "1"]
[White "dosoldini"]
[Black "marcoswerneck"]
[Result "0-1"]
[WhiteElo "1639"]
[BlackElo "1896"]

1. e4 e5 2. Bc4 Nf6 3. a3 d6 4. Nc3 a6 5. Be2 Be6 6. b4 Be7 7. h3 Nc6 8. Nf3 Qd7
9. d3 h6 10. d4 Nxd4 11. Nxd4 h5 12. b5 exd4 13. Qxd4 a5 14. b6 c6 15. Bf3 Ra6
16. e5 dxe5 17. Qxe5 Bd6 18. Qg5 Rg8 19. Qe3 Kd8 20. Be2 Ra8 21. Bb2 a4 22. Qg5
Ke8 23. O-O-O Qe7 24. Bd3 Bxa3 25. Bxa3 Qxa3+ 26. Kd2 Qd6 27. Qe3 Kf8 28. Ke2
Qe7 29. Kd2 a3 30. Ra1 a2 31. Qd4 Rd8 32. Qa4 Bf5 33. f3 Qd6 34. Qc4 Bxd3 35.
cxd3 g6 36. Rxa2 Nd7 37. Ne4 Qf4+ 38. Kd1 Ne5 39. Qc5+ Kg7 40. Qf2 Nxd3 41. Qd2
Nf2+ 0-1

[Event "AUTO-ADV-4908"]
[Site "http://www.queenalice.com/game.php?id=1866902"]
[Date "2025.12.11"]
[Round "1"]
[White "marcoswerneck"]
[Black "dosoldini"]
[Result "1-0"]
[WhiteElo "1894"]
[BlackElo "1617"]

1. e4 e5 2. d3 Nc6 3. a3 d6 4. h3 Nf6 5. Nc3 Nd4 6. Be3 c6 7. Nce2 h6 8. Bxd4
exd4 9. Nxd4 c5 10. Nf5 Bxf5 11. exf5 Qe7+ 12. Be2 O-O-O 13. Nf3 Nd5 14. g3 Qf6
15. Qd2 Qxf5 16. O-O-O Qe6 17. d4 Nb6 18. Ne1 Qa2 19. Bg4+ Nd7 20. Qc3 Be7 21.
dxc5 g6 22. Bxd7+ Rxd7 23. Qxh8+ Kc7 24. Qc3 1-0

[Event "AUTO-OPEN-4632"]
[Site "http://www.queenalice.com/game.php?id=1867431"]
[Date "2025.12.29"]
[Round "1"]
[White "danielglowinski"]
[Black "dosoldini"]
[Result "1-0"]
[WhiteElo "2417"]
[BlackElo "1688"]

1. e4 e5 2. Nf3 Nc6 3. d4 Nf6 4. d5 Nd4 5. Nxe5 Bc5 6. c3 Nb5 7. Bxb5 Nxe4 8.
O-O Qf6 9. Nxd7 Bxd7 10. Bxd7+ Kxd7 11. Qg4+ 1-0

[Event "AUTO-OPEN-4632"]
[Site "http://www.queenalice.com/game.php?id=1867432"]
[Date "2025.12.29"]
[Round "1"]
[White "dosoldini"]
[Black "danielglowinski"]
[Result "0-1"]
[WhiteElo "1665"]
[BlackElo "2422"]

1. e4 e5 2. Nf3 Nf6 3. Nc3 Nc6 4. d4 exd4 5. Nxd4 Bb4 6. Bd2 Nxd4 7. e5 O-O 8.
Bc4 d5 9. Bd3 Ng4 10. O-O Nxe5 11. Qh5 Nxd3 12. cxd3 Re8 13. a3 Bxc3 0-1

[Event "AUTO-OPEN-4632"]
[Site "http://www.queenalice.com/game.php?id=1867457"]
[Date "2025.12.29"]
[Round "1"]
[White "Carlos19"]
[Black "dosoldini"]
[Result "1-0"]
[WhiteElo "1715"]
[BlackElo "1615"]

1. e4 e5 2. Nf3 Nc6 3. Bc4 h6 4. d3 Be7 5. Nc3 Nf6 6. h3 a6 7. O-O d6 8. a3 Bd7
9. Nd5 Nxd5 10. Bxd5 Qc8 11. b4 Bxh3 12. gxh3 Qd7 13. c4 O-O-O 14. b5 axb5 15.
cxb5 Qxh3 16. bxc6 Qg4+ 17. Kh2 1-0

[Event "AUTO-OPEN-4632"]
[Site "http://www.queenalice.com/game.php?id=1867458"]
[Date "2025.12.29"]
[Round "1"]
[White "dosoldini"]
[Black "Carlos19"]
[Result "1-0"]
[WhiteElo "1603"]
[BlackElo "1727"]

1. e4 e5 2. Nf3 Nc6 3. a3 a5 4. Nc3 Nf6 5. h3 h6 6. Bb5 d6 7. Bc4 Qe7 8. d3 Be6
9. Bb5 O-O-O 10. Bxc6 bxc6 11. d4 c5 12. d5 Bd7 13. Be3 a4 14. Qe2 c6 15. Qa6+
Kb8 16. Qb6+ Ka8 17. dxc6 Rb8 18. Qa5# 1-0

[Event "AUTO-OPEN-4632"]
[Site "http://www.queenalice.com/game.php?id=1867474"]
[Date "2025.12.29"]
[Round "1"]
[White "dosoldini"]
[Black "game"]
[Result "1-0"]
[WhiteElo "1628"]
[BlackElo "1714"]

1. e4 c5 2. Bc4 Nf6 3. Nc3 d6 4. h3 e5 5. Nf3 Nc6 6. a3 Na5 7. Qe2 Be6 8. Bxe6
fxe6 9. Qb5+ Kf7 10. Ng5+ Ke7 11. Nxe6 Kxe6 12. b4 Nc6 13. Qc4+ Kd7 14. d3 cxb4
15. Nd5 Rc8 16. Be3 Na5 17. Qb5+ Nc6 18. Qxb7+ Ke8 19. Qb5 Be7 20. Bxa7 Kf7 21.
Bb6 Qd7 22. axb4 Ra8 23. O-O Qb7 24. Qc4 Rac8 25. Be3 Nd4 26. Qa6 Qd7 27. Nb6
Ne2+ 28. Kh2 Qc6 29. c4 Rb8 30. c5 d5 31. d4 Nxe4 32. Qxe2 Rhf8 33. Qh5+ Kg8 34.
Qxe5 Bf6 35. Qxd5+ Qxd5 36. Nxd5 Rfd8 37. Nxf6+ gxf6 38. Rab1 Nc3 39. Rbe1 Rxb4
40. Bd2 Rc4 41. Bxc3 Rxc3 42. Re4 Kg7 43. Re7+ Kg6 44. Re4 Rd3 45. Rg4+ Kh5 46.
f4 R8xd4 47. g3 Rd2+ 48. Kg1 Rc2 49. Rh4+ Kg6 50. f5+ Kf7 51. Rxd4 Rxc5 52. Rd7+
Ke8 53. Rxh7 Rc3 54. Rg7 Kf8 55. Rg4 Rc7 56. h4 Rc5 57. h5 Ke7 58. Re1+ Kd6 59.
Re6+ Kd7 60. Rg7+ Kd8 61. Rd6+ Kc8 62. Rxf6 Rc1+ 63. Kg2 Rc2+ 64. Kh3 Rc7 65.
Rxc7+ Kxc7 66. h6 Kd7 67. h7 Ke7 68. Re6+ 1-0

[Event "AUTO-ADV-4911"]
[Site "http://www.queenalice.com/game.php?id=1867625"]
[Date "2026.1.7"]
[Round "1"]
[White "Castling"]
[Black "dosoldini"]
[Result "0-1"]
[WhiteElo "1750"]
[BlackElo "1647"]

1. e4 e5 2. Bc4 Bc5 3. Nf3 Qf6 4. Nc3 Ne7 5. d3 h6 6. a3 O-O 7. Qe2 d6 8. Be3
Nbc6 9. Nd5 Nxd5 10. Bxd5 Nd4 11. Nxd4 exd4 12. Bd2 c6 13. Bb3 Qe5 14. O-O-O b5
15. h3 Rb8 16. f4 Qe7 17. g4 Bxa3 18. bxa3 d5 19. f5 Re8 20. Bb4 c5 21. Bd2 c4
22. Bb4 Qb7 23. Ba2 Qa6 24. h4 Bb7 25. e5 Qa4 26. dxc4 dxc4 27. Rh3 Rbd8 28. g5
Qa6 29. c3 d3 30. Qe3 Qa4 31. Rh2 a5 32. Bc5 Rd5 33. Bd4 Qxa3+ 34. Kb1 Qa4 35.
Rc2 Qxc2+ 36. Ka1 Qxd1+ 37. Kb2 d2 38. Bb1 Qb3+ 39. Ka1 Qa3+ 40. Ba2 d1=Q+ 41.
Qc1 Qdxc1# 0-1

[Event "AUTO-INT-3942"]
[Site "http://www.queenalice.com/game.php?id=1869142"]
[Date "2026.2.12"]
[Round "2"]
[White "caradepau"]
[Black "dosoldini"]
[Result "1-0"]
[WhiteElo "1725"]
[BlackElo "1686"]

1. e4 e5 2. Bc4 Nf6 3. d3 Bc5 4. h3 Nc6 5. a3 h6 6. Nc3 O-O 7. Nf3 Be7 8. g4 d6
9. g5 Ng4 10. hxg4 Bxg4 11. gxh6 Nd4 12. hxg7 Kxg7 13. Bh6+ Kh7 14. Bxf8+ Kg8
15. Bxe7 Qxe7 16. Rg1 1-0